000 01007nam a22003017a 4500
003 CHAP
005 20220329135236.0
008 971013s1978 r 00010 d
010 _a33178
011 _a34150
035 _a38266
040 _cCHAP
082 _a338.174
_bN8
100 0 0 _aNuckton, Carole Frank.
_982115
245 _aDemand relationships for California tree fruits, grapes, and nuts ; a review of past studies
260 _aBerkeley, Cal. :
_bUniversity of California,
_c1978
300 _a146 p.
490 _aSpecial publication
_v; 3247
590 _aBATCH-UPD
_b10
_c20130110
_lUCH01
_h1729
590 _aBATCH-UPD
_b10
_c20130410
_lUCH01
_h1111
590 _aBATCH-UPD
_b10
_c20130914
_lUCH01
_h1447
590 _aCONVERSION
_b10
_c20130109
_lUCH01
_h1319
650 1 4 _aFruticultura
_xAspectos económicos
_xE.U.A.
_943693
830 0 _aSpecial publication
_v; 3247
_9109152
901 _aBK
942 _cLIBRO
949 _a338.174 N8
_bBC
_cLIBRO
_d33724000154308
_eLIBRO
_h47811
_i38266
_si
999 _c33178
_d33178